Haematológiai betegségek és őssejtterápia köpenysejtes lymphoma : [MCL] /

Elmentve itt :
Bibliográfiai részletek
Szerző: Gurbity Pálfi Tímea
Dokumentumtípus: Vegyes gyűjtemény
Tárgyszavak:
Online Access:http://eta.bibl.u-szeged.hu/2622
LEADER 00648npc a2200181 i 4500
001 eta2622
005 20200320085127.0
008 200320suuuu hu o 0|| hun d
040 |a SZTE Elektronikus Tananyag Archívum  |b hun 
041 |a hun 
100 2 |a Gurbity Pálfi Tímea 
245 1 0 |a Haematológiai betegségek és őssejtterápia   |h [elektronikus dokumentum] :  |b köpenysejtes lymphoma : [MCL] /  |c  Gurbity Pálfi Tímea 
650 4 |a Orvos- és egészségtudomány 
650 4 |a Klinikai orvostan 
650 4 |a Onkológia 
650 4 |a Hematológia 
650 4 |a Hematológia 
856 4 0 |u https://eta.bibl.u-szeged.hu/2622/2/6/index.html  |z Dokumentum-elérés